00561nam a2200133Ia 4500003000500000005001700005008004100022050002700063100002700090245017300117260008500290300004000375521001200415Sisc20180130165347.0140724s9999 xx 000 0 und d aHF 5415.13b.P365 2017 aPechera, Karl Nikko A. aEvaluation of the quality of service of iship logipack incorporated by its selected customers :bbasis for the development of a marketing plan /cKarl Nikko A. Pechera. aLas Piñas, Philippines :bSouthville International School and Colleges,c2017. a41 pages :billustrations ;c28 cm. aNursing